01903 2200853 4500001002100000005001500021035002000036007000300056008004100059020002200100082001200122084001800134100003400152245004300186250001000229300002900239650002100268650001500289520004000304264003100344336002100375337003000396338002300426990001200449990001200461990001200473990001200485990001200497990001200509990001200521990001200533990001200545990001200557990001200569990001200581990001200593990001200605990001200617990001200629990001200641990001200653990001200665990001200677990001200689990001200701990001200713990001200725990001200737990001200749990001200761990001200773990001200785990001200797990001200809990001200821990001200833990001200845990001200857990001200869990001200881990001200893990001200905990001200917990001200929990001200941990001200953990001200965990001200977990001200989990001201001990001201013990001201025990001201037INLIS00000000000019820230807105628 a0010-0823000020ta230807 0 ind  a978-623-266-692-4 a499.221 a499.221 PIP b0 aPipit Dwi KomariahePengarang1 aBahasa Indonesia /cPipit Dwi Komariah acet 1 a268 hlm :bilus ;c25 cm 4aBahasa Indonesia 4aBuku Paket aKurikulum Merdeka SMK/MAK Kelas XI aJakarta :bErlangga,c2022 2rdacontentateks 2rdamediaatanpa perantara 2rdacarrieravolume a23.0186 a23.0187 a23.0188 a23.0189 a23.0190 a23.0191 a23.0192 a23.0193 a23.0194 a23.0195 a23.0196 a23.0197 a23.0198 a23.0199 a23.0200 a23.0201 a23.0202 a23.0203 a23.0204 a23.0205 a23.0206 a23.0207 a23.0208 a23.0209 a23.0210 a23.0211 a23.0212 a23.0213 a23.0214 a23.0215 a23.0216 a23.0217 a23.0218 a23.0219 a23.0220 a23.0221 a23.0222 a23.0223 a23.0177 a23.0178 a23.0179 a23.0180 a23.0181 a23.0182 a23.0183 a23.0184 a23.0185 a23.0174 a23.0175 a23.0176